| 000 | 00881nam a2200265Ia 4500 | ||
|---|---|---|---|
| 003 | OSt | ||
| 005 | 20241211102445.0 | ||
| 008 | 210716s2011 xx 000 0 und d | ||
| 020 | _a9788131760925 | ||
| 040 | _cAIMIT LIBRARY | ||
| 041 | _aeng | ||
| 082 |
_a005.74 _bSINS |
||
| 100 |
_aSingh, S K. _9189897 |
||
| 245 |
_aDatabase systems: _bconcepts design and applications / _cBy S K Singh. |
||
| 250 | _a2nd ed. | ||
| 260 |
_aNew Delhi : _bPearson Education , _c2011. |
||
| 300 |
_axxiii,912 p.; _bPB _c25 cm. |
||
| 650 |
_aRelational query languages _9189898 |
||
| 650 |
_aEntity relationship model _9189899 |
||
| 650 |
_aFunctional dependency and decomposition _9189900 |
||
| 650 |
_aQuery processing and optimization _9189901 |
||
| 650 |
_aData warehousing and data mining _9189902 |
||
| 650 |
_aEmerging database technologies _9189903 |
||
| 942 |
_2ddc _cBK _k005.74 SINS |
||
| 999 |
_c191863 _d191863 |
||